000 00452nam a2200181Ia 4500
001 20249
005 20260306172752.0
008 260306t1999||||xx |||||||||||||| ||spa||
041 _aESP
082 _a343.02
_bM95
100 _aMurillo Flores, Fernando
_eAUT
245 0 _aCompendio de normas sobre concesiones eléctricas
260 _c1999
300 _a614 páginas :
_c24 cm.
650 _aGEN
654 _aCDE
942 _cLIB
_dJUS
_fJUS
_2ddc
_n
999 _c20249
_d20249